000 00533nam a2200193Ia 4500
005 20250508154819.0
008 008 250505s9999 xx 000 0 eng d
037 _aBooks to be hide in OPAC
040 _aFEDL
_beng
_cFEDL
041 _aeng
_2eng
084 _a420.7, CAN/O
_qFEDL
100 _aCandlin E Frank
_9154211
245 0 _aPresent day english for foreign students. Book 3
260 _c1963
300 _a184p.
490 _aTeachers book 3
942 _cHB
_h420.7, CAN/O
999 _c1352270
_d1352270